[Event "FRA-chT3 0304"]
[Site "Franconville"]
[Date "2004.01.18"]
[Round "5.7"]
[White "Colin, Alain"]
[Black "Mery, Rawad"]
[Result "1-0"]
[WhiteElo "2047"]
[BlackElo "1840"]
[PlyCount "117"]
[EventDate "2004.10.10"]
[EventType "team"]
[EventRounds "9"]
[EventCountry "FRA"]
[SourceTitle "EXT 2007"]
[Source "ChessBase"]
[SourceDate "2006.11.23"]
[SourceVersion "1"]
[SourceVersionDate "2006.11.23"]
[SourceQuality "1"]

1. d4 d5 2. Nf3 Nf6 3. Bf4 Bf5 4. e3 e6 5. c4 c6 6. Nc3 Nbd7 7. Be2 dxc4 8. Bxc4 Nb6 9. Be2 Nbd5 10. Bg3 Bb4 11. Qb3 Ne4 12. Rc1 Qa5 13. 0-0 Nexc3 14. bxc3 Nxc3 15. Rxc3 Bxc3 16. a3 Bg4 17. Rc1 Bd2 18. Rc2 Qb6 19. Qxb6 axb6 20. Rxd2 Rxa3 21. h3 Bh5 22. Kh2 Ke7 23. e4 Rd8 24. Bc7 Rd7 25. Bxb6 Bxf3 26. Bc5+ Kd8 27. Bxa3 Bxe4 28. Bc5 Kc7 29. Rb2 b5 30. Ra2 Kb8 31. Kg3 Bd5 32. Ra1 Bb3 33. Bf3 Bd5 34. Bxd5 cxd5 35. Ra5 Rb7 36. Bd6+ Kc8 37. Ra8+ Kd7 38. Bb4 Kc6 39. Kf4 Kd7 40. Rg8 g6 41. Rf8 Kc6 42. Rh8 h5 43. Ke5 Kd7 44. Rf8 Kc6 45. Rc8+ Kd7 46. Ra8 Rc7 47. Rf8 Kc6 48. Kf6 Kb6 49. Bc5+ Rxc5 50. dxc5+ Kxc5 51. Ke5 b4 52. Rxf7 b3 53. Rc7+ Kb4 54. Kd4 b2 55. Rb7+ Ka3 56. Kc3 d4+ 57. Kc2 d3+ 58. Kxd3 Ka2 59. Kc2 1-0